[Event "Rio de Janeiro-ch 21st"]
[Site "Rio de Janeiro"]
[Date "1996.11.23"]
[Round "6"]
[White "Linhares, Obaldine"]
[Black "Paes Leme, Marcio"]
[Result "0-1"]
[WhiteElo "1787"]
[BlackElo "1694"]
[PlyCount "108"]
[EventDate "1996.11.16"]
[EventType "swiss"]
[EventRounds "7"]
[EventCountry "BRA"]
[SourceTitle "EXT 2006"]
[Source "ChessBase"]
[SourceDate "2005.11.24"]
[SourceVersion "1"]
[SourceVersionDate "2005.11.24"]
[SourceQuality "1"]

1. c4 e5 2. Nc3 Nc6 3. g3 Nf6 4. Bg2 g6 5. b3 Bg7 6. Bb2 d6 7. e3 0-0 8. Nge2 Be6 9. 0-0 Qd7 10. Re1 Rab8 11. d4 Bh3 12. Bh1 Ng4 13. d5 Ne7 14. Qd3 f5 15. f4 Rbe8 16. Rab1 Kh8 17. Qd2 Ng8 18. Nd1 h5 19. Nf2 Nxf2 20. Kxf2 Nh6 21. Bf3 Bg4 22. Ng1 Bf6 23. h3 Bxf3 24. Nxf3 Qg7 25. Rg1 Nf7 26. Rg2 Re7 27. Kg1 Rfe8 28. Kh2 Kh7 29. Kg1 b6 30. Kh2 a5 31. Kg1 Nd8 32. a3 Rg8 33. h4 Nf7 34. Ng5+ Kh8 35. Nxf7+ Qxf7 36. Kh1 Rge8 37. Kg1 exf4 38. Bxf6+ Qxf6 39. exf4 Re3 40. Kh2 Kg7 41. a4 R8e4 42. Rb2 Qe7 43. Qc2 Rxf4 44. Re2 Rfe4 45. Rxe3 Rxe3 46. Qf2 Qe5 47. Kg2 Re1 48. Kh2 Re4 49. Kg2 f4 50. Rd2 fxg3 51. Qf3 Rxh4 52. Rd1 Rh2+ 53. Kg1 Rf2 54. Qd3 h4 0-1

[Event "Rio de Janeiro-ch 21st"]
[Site "Rio de Janeiro"]
[Date "1996.11.20"]
[Round "5"]
[White "Figueiredo, Francisco Marques"]
[Black "Linhares, Obaldine"]
[Result "1-0"]
[WhiteElo "1793"]
[BlackElo "1787"]
[PlyCount "33"]
[EventDate "1996.11.16"]
[EventType "swiss"]
[EventRounds "7"]
[EventCountry "BRA"]
[SourceTitle "EXT 2006"]
[Source "ChessBase"]
[SourceDate "2005.11.24"]
[SourceVersion "1"]
[SourceVersionDate "2005.11.24"]
[SourceQuality "1"]

1. d4 b5 2. e3 Bb7 3. Nf3 a6 4. Bd3 Nf6 5. Nbd2 e6 6. 0-0 c5 7. c3 c4 8. Bc2 d5 9. Ne5 Bd6 10. f4 0-0 11. g4 Nfd7 12. g5 f6 13. Bxh7+ Kxh7 14. Qh5+ Kg8 15. g6 Rf7 16. Nxf7 Qc7 17. Qh8# 1-0